Spinoza et le problème de l'expression

Guardat en:
Dades bibliogràfiques
Autor principal: Deleuze, Gilles (Autor)
Format: Llibre
Idioma:francès
Publicat: París Les Éditions de Minuit 1968
Col·lecció:Arguments, 37
Matèries:
Etiquetes: Afegir etiqueta
Sense etiquetes, Sigues el primer a etiquetar aquest registre!

MARC

LEADER 00000nam a2200000 a 4500
001 UCR4339
003 CL-VaPUC
008 980307e19680000FR |||||||||||||||||fre|d
082 0 4 |a 121.4  |b DEL  |2 21 
100 0 |a Deleuze, Gilles  |e author  |9 404272 
245 1 0 |a Spinoza et le problème de l'expression 
300 |a 332 p 
942 |c BK 
945 |d 19980307 00:00:00  |a aolguin 
260 |a París  |b Les Éditions de Minuit  |c 1968 
600 0 7 |a SPINOZA, BENEDICTUS DE  |2 CL-VaPUC  |9 319727 
650 0 |a Expresión  |9 340759 
650 0 |a Teoría del conocimiento   |9 255038 
583 |a last modification  |c 19980307 00:00:00  |k Rodrigo Vera 
490 0 |a Arguments, 37 
999 |c 267282  |d 267280 
952 |0 0  |1 0  |4 0  |6 121_400000000000000_DEL_1968  |7 0  |8 P  |9 299547  |a BIBDER  |b BIBDER  |d 2019-11-20  |i 1952862  |o 121.4 DEL 1968  |p 1952862  |r 2023-01-25  |w 2019-11-20  |y BK  |k DER